روح الشرائع = (Record no. 7395)
[ view plain ]
| 000 -الفاتح | |
|---|---|
| حقل البيانات ثابتة الطول | 01073cam a22002535a 4500 |
| 003 - محدد رقم الضبط | |
| رقم الضبط | OSt |
| 005 - وقت وتاريخ اخر تعامل مع التسجيلة | |
| رقم الضبط | 20201124142114.0 |
| 008 - عناصر البيانات ثابتة الطول - معلومات عامة | |
| حقل البيانات ثابتة الطول | 101017k19531954ua ||||fr||||f00| 0 ara d |
| 040 ## - مصدر الفهرسة | |
| وكالة الفهرسة الأصلية | EG-ScBUE |
| لغة الفهرسة | ara |
| وكالة النسخ | EG-ScBUE |
| 041 ## - رمز اللغة | |
| رمز لغة النص/ المسارات الصوتية أو العنوان الانفرادي | ara |
| رمز لغة الترجمات و/او الاصلية المتوسطة للنص | fr |
| 082 04 - رقم تصنيف ديوى العشرى | |
| رقم التصنيف | 340.11 |
| رقم المادة | م و ن |
| رقم الطبعة | 22 |
| 245 10 - بيان العنوان | |
| العنوان | روح الشرائع = |
| بقية العنوان | De l'esprit des lois / |
| بيان المسئوليه,etc | مونتسكيو ؛ ترجمة عادل زعيتر |
| 260 ## - PUBLICATION, DISTRIBUTION, ETC. (IMPRINT) | |
| مكان الناشر او الموزع | القاهرة ؛ |
| -- | [ د.م] ؛ |
| -- | بيروت : |
| اسم الناشر او الموزع | اللجنه الدوليه لترجمة الروائع الانسانية، |
| -- | اللجنه الدوليه لترجمة الروائع ، |
| -- | دار المعارف ، |
| تاريخ النشر أو التوزيع | 1953-1954. |
| 300 ## - الوصف المادى | |
| التعداد | 2 مج ؛ |
| أبعاد الوعاء | 30 سم. |
| 546 ## - تبصرة اللغة | |
| تبصرة اللغة | أصل العمل مترجم من الفرنسيه . |
| 590 ## - تبصرة محلية(RLIN) | |
| تبصرة محلية | doaa mohamed |
| 650 ## - المدخل الاضافى بالموضوع-مصطلح موضوعى | |
| مصطلح موضوعي أو اسم جغرافي كعنصر مدخل | القانون المدني |
| 9 (RLIN) | 21750 |
| مصدر الرأس أو المصطلح | BUEsh |
| 650 ## - المدخل الاضافى بالموضوع-مصطلح موضوعى | |
| مصطلح موضوعي أو اسم جغرافي كعنصر مدخل | الالتزامات |
| 9 (RLIN) | 21897 |
| مصدر الرأس أو المصطلح | BUEsh |
| 650 ## - المدخل الاضافى بالموضوع-مصطلح موضوعى | |
| 9 (RLIN) | 20435 |
| مصدر الرأس أو المصطلح | BUEsh |
| 651 ## - المدخل الاضافى بالموضوع - اسم جغرافى | |
| مصدر الرأس أو المصطلح | BUEsh |
| 653 ## - مصطلح تكشيفى غير مقيد | |
| Resource For college | Arabic Literature |
| Arrived date list | August2015 |
| 710 ## - المدخل الاضافى - اسم هيئه | |
| اسم الهيئة أو اسم السلطة كمدخل | اللجنة الدولية لترجمة الروائع الإنسانية |
| 9 (RLIN) | 20438 |
| 942 ## - عناصر المدخل الإضافي( كوها) | |
| Koha [default] item type | Book - Borrowing |
| سابقة رقم الطلب | 346 م و ن |
| مصدر التصنيف او مخطط الترفيف | Dewey Decimal Classification |
| حالة التراجع | حالة الفقد | مصدر التصنيف او خطة الترفيف | حالة تلف | ليس للاعارة | مجموعات كوها | المكان الدائم | المكان الحالي | موقع الترفيف | تاريخ الاكتساب | Source of acquisition | رقم الاستدعاء | الباركود | Date last seen | مُعار | نوع الوعاء | تبصرة عامة |
|---|---|---|---|---|---|---|---|---|---|---|---|---|---|---|---|---|
| Dewey Decimal Classification | Alef-Baa | Central Library | Central Library | First floor | 11/01/2011 | 340.11 م و ن | 000008866 | 15/07/2025 | 11/02/2020 | Book - Borrowing | ج 1 | |||||
| Dewey Decimal Classification | Alef-Baa | Central Library | Central Library | First floor | 17/10/2010 | 340.11 م و ن | 000008865 | 15/07/2025 | 30/11/2016 | Book - Borrowing | ج 2 |